All Louisiana Cities on a Map - Statistics

General Stats
  • This quiz has been taken 21 times
  • The average score is 132 of 486
Answers on the Map
Answers color-coded by a green-red scale on the quiz's map according to % correct below.
 
Answer Stats
City Population % Correct
Baton Rouge 220,907
100%
Lafayette 122,280
100%
New Orleans 362,701
100%
Shreveport 176,578
100%
Alexandria 43,133
92%
Lake Charles 81,157
92%
Monroe 46,622
92%
Kenner 64,650
77%
Slidell 28,440
77%
Bossier City 63,218
69%
Houma 31,671
69%
Metairie 138,995
62%
New Iberia 26,849
62%
Ruston 22,330
62%
Sulphur 20,572
62%
Hammond 23,426
54%
West Monroe 12,476
54%
Central 30,161
46%
Covington 11,686
46%
Franklin 6,284
46%
Thibodaux 15,569
46%
Venice 259
46%
Amite City 4,086
38%
Baker 12,147
38%
Bogalusa 10,367
38%
Bunkie 3,183
38%
DeRidder 9,508
38%
Gonzales 13,837
38%
Gretna 17,185
38%
Iowa 3,150
38%
Lakeview 846
38%
Laplace 28,480
38%
Mandeville 12,973
38%
Many 2,470
38%
Morgan City 10,813
38%
Natchitoches 17,165
38%
Opelousas 15,176
38%
Ponchatoula 7,735
38%
Waterproof 509
38%
Youngsville 19,038
38%
Abbeville 10,902
31%
Anacoco 802
31%
Arcadia 2,579
31%
Bastrop 8,922
31%
Bayou Blue 11,218
31%
Bayou Cane 22,143
31%
Belle Chasse 11,046
31%
Breaux Bridge 7,582
31%
Broussard 15,312
31%
Cameron 177
31%
Carencro 12,883
31%
Carlyss 5,184
31%
Chalmette 22,447
31%
Chauvin 2,531
31%
Claiborne 12,647
31%
Clayton 545
31%
Clinton 1,297
31%
Coushatta 1,640
31%
Crowley 11,216
31%
Cut Off 5,157
31%
DeQuincy 2,872
31%
Donaldsonville 6,945
31%
Dulac 574
31%
Duson 1,341
31%
Elton 980
31%
Fenton 217
31%
Ferriday 2,995
31%
Forest 285
31%
Forest Hill 613
31%
Franklinton 3,592
31%
Gillis 763
31%
Glenmora 1,034
31%
Grand Isle 991
31%
Gray 5,524
31%
Gueydan 1,124
31%
Hackberry 830
31%
Hayes 269
31%
Hornbeck 409
31%
Iota 1,257
31%
Jackson 3,932
31%
Jeanerette 4,557
31%
Kaplan 4,164
31%
Kentwood 2,195
31%
Kinder 2,092
31%
Lacassine 175
31%
Lacombe 6,883
31%
Lake Arthur 2,564
31%
Leesville 5,339
31%
Longville 491
31%
Madisonville 875
31%
Mamou 2,817
31%
Mansfield 4,545
31%
Marksville 4,805
31%
Martin 501
31%
Merryville 949
31%
Minden 11,195
31%
Moss Bluff 11,451
31%
Natchez 483
31%
Newellton 828
31%
New Roads 4,295
31%
Oakdale 6,490
31%
Oak Grove 1,350
31%
Oberlin 1,287
31%
Oil City 866
31%
Pierre Part 2,333
31%
Pineville 13,966
31%
Plain Dealing 876
31%
Plaquemine 5,985
31%
Port Allen 4,991
31%
Port Sulphur 1,529
31%
Prairieville 35,010
31%
Prien 8,248
31%
Provencal 509
31%
Raceland 10,517
31%
Red Chute 7,418
31%
Reeves 221
31%
Roanoke 724
31%
Rosepine 1,445
31%
Scott 9,468
31%
Starks 300
31%
St. Joseph 778
31%
Stonewall 2,525
31%
Tallulah 5,677
31%
Ville Platte 6,148
31%
Vinton 3,108
31%
Washington 711
31%
Welsh 3,275
31%
Westlake 4,735
31%
Winnfield 3,979
31%
Woodworth 1,749
31%
Zachary 20,370
31%
Zwolle 1,598
31%
Abita Springs 2,752
23%
Addis 7,538
23%
Albany 1,247
23%
Ama 1,473
23%
Amelia 2,161
23%
Angie 251
23%
Arabi 4,436
23%
Arnaudville 999
23%
Ashland 187
23%
Athens 229
23%
Atlanta 152
23%
Avondale 5,200
23%
Baldwin 1,665
23%
Ball 3,801
23%
Banks Springs 1,432
23%
Barataria 688
23%
Basile 1,186
23%
Baskin 208
23%
Bawcomville 2,635
23%
Bayou Corne 209
23%
Bayou Country Club 1,381
23%
Bayou Gauche 1,463
23%
Bayou Goula 342
23%
Bayou L'Ourse 2,197
23%
Bayou Vista 3,931
23%
Belcher 237
23%
Belle Rose 1,574
23%
Belmont 147
23%
Benton 2,099
23%
Bernice 1,304
23%
Berwick 4,495
23%
Bienville 185
23%
Blanchard 3,371
23%
Bonita 160
23%
Boothville 481
23%
Bordelonville 285
23%
Bourg 2,386
23%
Boutte 2,283
23%
Branch 338
23%
Bridge City 7,258
23%
Brownfields 5,263
23%
Brownsville 3,996
23%
Brusly 2,591
23%
Bryceland 88
23%
Buras 757
23%
Cade 1,775
23%
Calhoun 329
23%
Calvin 239
23%
Campti 873
23%
Cankton 580
23%
Castor 224
23%
Catahoula 412
23%
Cecilia 1,517
23%
Center Point 645
23%
Centerville 643
23%
Chackbay 5,287
23%
Charenton 1,295
23%
Chataignier 259
23%
Chatham 480
23%
Cheneyville 441
23%
Choctaw 433
23%
Choudrant 1,028
23%
Church Point 4,032
23%
Clarence 316
23%
Clarks 1,034
23%
Collinston 254
23%
Columbia 266
23%
Convent 615
23%
Converse 377
23%
Cottonport 1,951
23%
Cotton Valley 747
23%
Creola 283
23%
Crescent 1,121
23%
Cullen 680
23%
Darrow 163
23%
Delacroix 14
23%
Delcambre 1,773
23%
Delhi 2,534
23%
Delta 214
23%
Denham Springs 9,321
23%
Des Allemands 2,565
23%
Destrehan 11,786
23%
Dixie Inn 278
23%
Dodson 293
23%
Dorseyville 180
23%
Downsville 113
23%
Doyline 649
23%
Dry Prong 444
23%
Dubach 902
23%
Dubberly 238
23%
East Hodge 200
23%
Eastwood 4,057
23%
Echo 490
23%
Eden Isle 7,753
23%
Edgard 1,521
23%
Edgefield 187
23%
Egan 966
23%
Elizabeth 409
23%
Elmwood 6,022
23%
Empire 1,218
23%
Epps 339
23%
Erath 1,956
23%
Eros 134
23%
Erwinville 2,575
23%
Estelle 16,761
23%
Estherwood 679
23%
Eunice 9,044
23%
Evergreen 208
23%
Farmerville 3,375
23%
Fifth Ward 1,104
23%
Fisher 188
23%
Florien 543
23%
Folsom 829
23%
Fordoche 863
23%
Fort Polk North 2,034
23%
French Settlement 1,152
23%
Frierson 24
23%
Galliano 6,563
23%
Gardere 12,130
23%
Garyville 2,216
23%
Georgetown 274
23%
Gibsland 746
23%
Gilbert 434
23%
Gilliam 117
23%
Glencoe 132
23%
Gloster 68
23%
Golden Meadow 1,634
23%
Goldonna 413
23%
Good Pine 338
23%
Grambling 5,278
23%
Gramercy 2,719
23%
Grand Cane 216
23%
Grand Coteau 764
23%
Grand Point 2,600
23%
Grayson 431
23%
Greensburg 624
23%
Greenwood 3,091
23%
Grosse Tete 538
23%
Hahnville 3,826
23%
Hall Summit 264
23%
Harahan 8,819
23%
Harrisonburg 262
23%
Harvey 21,710
23%
Haughton 4,574
23%
Haynesville 1,906
23%
Heflin 205
23%
Henderson 1,605
23%
Hessmer 749
23%
Hester 756
23%
Hodge 371
23%
Homer 2,563
23%
Hosston 235
23%
Ida 209
23%
Independence 1,653
23%
Inniswold 6,061
23%
Jamestown 91
23%
Jean Lafitte 1,815
23%
Jefferson 9,984
23%
Jena 4,133
23%
Jennings 9,280
23%
Jonesboro 4,028
23%
Jonesville 1,562
23%
Jordan Hill 222
23%
Joyce 247
23%
Junction City 416
23%
Keachi 247
23%
Kilbourne 332
23%
Killian 1,253
23%
Killona 193
23%
Kraemer 969
23%
Krotz Springs 875
23%
Labadieville 1,324
23%
Lafitte 464
23%
Lafourche Crossing 2,439
23%
Lake Providence 3,231
23%
Lakeshore 3,111
23%
Larose 5,937
23%
Lawtell 1,044
23%
Lemannville 680
23%
Leonville 880
23%
Lewisburg 242
23%
Lillie 114
23%
Lisbon 164
23%
Livingston 1,980
23%
Livonia 1,161
23%
Lockport 2,351
23%
Lockport Heights 1,441
23%
Logansport 1,333
23%
Longstreet 120
23%
Loreauville 649
23%
Lucky 242
23%
Luling 13,873
23%
Lutcher 2,883
23%
Lydia 1,119
23%
Mangham 607
23%
Mansura 1,270
23%
Maringouin 821
23%
Marrero 31,866
23%
Marthaville 49
23%
Mathews 1,579
23%
Maurice 3,071
23%
McNary 199
23%
Melville 740
23%
Meraux 7,492
23%
Mermentau 496
23%
Mer Rouge 454
23%
Merrydale 9,149
23%
Midland 266
23%
Midway 852
23%
Milton 2,123
23%
Minorca 1,615
23%
Montegut 1,264
23%
Monterey 285
23%
Montgomery 626
23%
Monticello 4,677
23%
Montpelier 196
23%
Montz 2,192
23%
Moonshine 214
23%
Mooringsport 703
23%
Moreauville 937
23%
Morganza 501
23%
Morrow 81
23%
Morse 598
23%
Mound 11
23%
Mount Lebanon 63
23%
Napoleonville 506
23%
Natalbany 2,837
23%
New Llano 2,064
23%
New Orleans Station 2,414
23%
New Sarpy 1,200
23%
Noble 203
23%
Norco 2,858
23%
North Hodge 290
23%
North Vacherie 1,933
23%
Norwood 269
23%
Oak Hills Place 8,380
23%
Oak Ridge 112
23%
Old Jefferson 7,790
23%
Olla 1,294
23%
Oretta 565
23%
Ossun 1,940
23%
Paincourtville 1,455
23%
Palmetto 96
23%
Paradis 709
23%
Parks 632
23%
Patterson 5,614
23%
Paulina 1,939
23%
Pearl River 2,647
23%
Perry 1,014
23%
Pine Prairie 1,559
23%
Pioneer 152
23%
Pitkin 460
23%
Plaucheville 212
23%
Pleasant Hill 607
23%
Pleasure Bend 271
23%
Pointe a la Hache 344
23%
Point Place 589
23%
Pollock 395
23%
Port Barre 1,740
23%
Port Vincent 697
23%
Powhatan 101
23%
Poydras 2,395
23%
Presquille 1,885
23%
Prospect 488
23%
Quitman 158
23%
Rayne 6,983
23%
Rayville 3,195
23%
Reddell 617
23%
Reserve 7,471
23%
Richmond 476
23%
Richwood 3,809
23%
Ridgecrest 539
23%
Ringgold 1,317
23%
Rio 217
23%
Robeline 119
23%
Rock Hill 327
23%
Rodessa 184
23%
Romeville 12
23%
Rosedale 642
23%
Roseland 892
23%
Saline 257
23%
Sarepta 680
23%
Schriever 6,052
23%
Shenandoah 18,259
23%
Shongaloo 143
23%
Sibley 1,077
23%
Sicily Island 333
23%
Sikes 112
23%
Simmesport 1,410
23%
Simpson 549
23%
Simsboro 807
23%
Singer 225
23%
Siracusaville 498
23%
Slaughter 989
23%
Sorrel 695
23%
Sorrento 1,589
23%
South Mansfield 340
23%
South Vacherie 3,048
23%
Spearsville 121
23%
Spokane 449
23%
Springfield 456
23%
Springhill 4,485
23%
Stanley 130
23%
Start 941
23%
Sterlington 2,557
23%
St. Francisville 1,484
23%
St. Gabriel 6,857
23%
St. James 395
23%
St. Martinville 5,229
23%
St. Maurice 274
23%
St. Rose 7,271
23%
Sun 399
23%
Sunset 3,167
23%
Supreme 693
23%
Swartz 4,691
23%
Taft 101
23%
Tangipahoa 450
23%
Terrytown 25,844
23%
Tickfaw 685
23%
Timberlane 11,169
23%
Triumph 98
23%
Tullos 302
23%
Turkey Creek 398
23%
Union 472
23%
Urania 1,127
23%
Varnado 318
23%
Ventress 1,325
23%
Vidalia 3,888
23%
Vienna 477
23%
Vienna Bend 1,693
23%
Village St. George 8,880
23%
Violet 4,454
23%
Vivian 2,922
23%
Waggaman 10,617
23%
Walker 6,402
23%
Wallace 1,383
23%
Wallace Ridge 660
23%
Watson 1,503
23%
Welcome 751
23%
Westminster 2,810
23%
Westwego 8,231
23%
White Castle 1,612
23%
Wilson 359
23%
Winnsboro 4,602
23%
Wisner 744
23%
Woodmere 11,775
23%
Fort Jesup 395
15%
Fort Polk South 8,056
15%
Lecompte 823
15%
Marion 601
15%
River Ridge 13,170
15%
Boyce 871
8%
Colfax 1,396
8%
Deville 1,261
8%
No matching quizzes found
Score Distribution
Percent of People with Each Score
Percentile by Number Answered
Your Score History
You have not taken this quiz